| 000 | 01216cam a22003495a 4500 | ||
|---|---|---|---|
| 999 |
_c478645 _d478645 |
||
| 001 | 13631011 | ||
| 003 | NUST | ||
| 005 | 20180625054717.0 | ||
| 008 | 040621s2002 enk 001 0 eng | ||
| 010 | _a 2004445467 | ||
| 015 | _aGBA2-V4152 | ||
| 020 | _a9788130913100 | ||
| 035 | _a(OCoLC)ocm50494310 | ||
| 038 | _aArshad | ||
| 040 |
_aUKM _cUKM _dDLC |
||
| 042 | _alccopycat | ||
| 082 | 0 | 4 |
_a808.02 _bMCC |
| 100 | 1 |
_aMcCallum, Chriss, _d1935- _911194 |
|
| 245 | 1 | 4 |
_aWriting 'how-to' articles and books: _bhow to share your know-how and get published/ _cChriss Mccallum |
| 250 | _bChriss McCallum & Gordon Wells. | ||
| 260 |
_aPeterborough : _bWriters' Bookshop, _c2002 |
||
| 300 |
_a222 p. ; _c20 cm. |
||
| 500 | _aPrevious ed. / Gordon Wells & Chriss McCallum. 2001. | ||
| 504 | _aIncludes bibliographical references and index. | ||
| 650 | 0 |
_aEnglish periodicals. _911195 |
|
| 650 | 0 |
_aPublishers and publishing _vPeriodicals. _911196 |
|
| 650 | 0 |
_aAuthorship _vPeriodicals. _911197 |
|
| 700 | 1 |
_aWells, Gordon, _d1935- _911198 |
|
| 906 |
_a0 _bibc _ccopycat _d2 _encip _f20 _gy-gencatlg |
||
| 942 |
_2ddc _cBK |
||